Michael Sivy's rules of investing : (Record no. 6074)

MARC details
000 -LEADER
fixed length control field 02130cam a2200205 a 4500
020 ## - INTERNATIONAL STANDARD BOOK NUMBER
ISBN 0446519820
020 ## - INTERNATIONAL STANDARD BOOK NUMBER
ISBN 0446729078
020 ## - INTERNATIONAL STANDARD BOOK NUMBER
ISBN 9780446519823
050 00 - CALL NUMBER
Classification number HG4661
Item number .Si9
100 1# - AUTHOR
Personal name Sivy, Michael.
245 10 - TITLE
Title Michael Sivy's rules of investing :
Remainder of title how to pick stocks like a pro /
Statement of responsibility, etc Michael Sivy.
260 ## - PUBLICATION INFORMATION
Place of publication New York :
Name of publisher Warner Books,
Year of publication c1996.
300 ## - DESCRIPTION
Number of Pages viii, 276 p. :
Other physical details ill. ;
Dimensions 24 cm.
500 ## - NOTES
General note Includes index.
505 ## - FORMATTED CONTENTS NOTE
Table of Content Introduction: How this book can help you become a better investor --<br/>pt. 1. Managing your money --<br/>Before you begin: how to set your goals, gauge your risks, and master the psychology of investing --<br/>Savvy money management: how to create the portfolio that's right for you and get a winning edge over the pros --<br/>Buying and selling: when you need a broker- and when you don't --<br/>Basic economics for investors: how to cash in on business cycles and ride long-term trends to maximum profits --<br/>pt. 2. The essentials of stock picking --<br/>Investing for growth: the way to earn maximum capital gains without taking a lot of crazy risks --<br/>Growth stock roundup: here are 37 stocks worth taking a look at for your growth portfolio --<br/>Investing for income: how to get high income safely and still stay ahead of inflation --<br/>Income stock roundup: here are 26 stocks worth taking a look at for your income portfolio --<br/>Value investing: how you can spot terrific bargains that other investors miss --<br/>pt. 3. Beyond the basics --<br/>Special situations: profiting from takeovers, turnarounds, and other unique opportunities --<br/>Specialized investments: what you need to know about offbeat securities and when they can beat the market --<br/>Speculations: do you have what it takes to be a high roller instead of a sucker? --<br/>Technical analysis: how to spot a stock market trend and ride it to big profits --<br/>Sources of information: where to get the information you need to make successful investing decisions --<br/>Your questions answered: here are quick explanations of 18 money matters.
650 #0 - SUBJECTS
Topical Term Stocks.
650 #0 - SUBJECTS
Topical Term Speculation.
650 #0 - SUBJECTS
Topical Term Stock exchanges.
942 ## - ADDED ENTRY ELEMENTS (KOHA)
Koha item type Books
Holdings
Withdrawn status Lost status Collection code Home library Current library Shelving location Date acquired Source of acquisition Full call number Accession Number Koha item type
    Reference Methodist University Library Main Methodist University Library Main General Stacks   Donation from Mrs. Marian Otto HG4661 .Si9 7723 Books
Copyright © 2026  MUG Library